| 000 | 01082nam a2200217Ia 4500 | ||
|---|---|---|---|
| 999 |
_c56203 _d56203 |
||
| 001 | 23304 | ||
| 003 | GE_BSU | ||
| 005 | 20251205182859.0 | ||
| 008 | 181216s1962ge xx |||||||||||||| ||geo|| | ||
| 040 | _cGE_BSU | ||
| 041 | _ageo | ||
| 080 | _a94(479) კ-14 | ||
| 245 |
_aკავკასიურ-ახლოაღმოსავლური კრებული II / _cსარედ. კოლ.: ნ. ბერძენიშვილი, გრ. გიორგაძე და სხვ. |
||
| 264 |
_aთბილისი : _bსაქ. სსრ მეცნ. აკად. გამ-ბა, _c1962. |
||
| 300 |
_a311 გვ. ; _b 22 სმ. |
||
| 504 | _aბიბლ.გვ.297-306 | ||
| 653 | _aკავკასიურ-ახლოაღმოსავლური კრებული II | ||
| 700 |
_aბერძენიშვილი, ნ _eსარედაქციო კოლეგია _918846 |
||
| 700 |
_a გიორგაძე, გრ _eსარედაქციო კოლეგია და სხვ _918847 |
||
| 942 |
_cBK _2udc |
||